Sankcie v medzinárodnom obchode bakalárska práca

Salvato in:
Dettagli Bibliografici
Autore principale: Trenčanová, Ivana
Ente Autore: Obchodná fakulta EU. Katedra medzinárodného obchodu
Altri autori: Zubaľová, Ľubica, 1969-
Natura: Libro
Lingua:slovacco
Pubblicazione: Bratislava 2017
Tags: Aggiungi Tag
Nessun Tag, puoi essere il primo ad aggiungerne!!

MARC

LEADER 00000nbm a2200000 4500
001 0232827
005 20170818100447.5
041 0 |a slo 
044 |a SK 
245 1 0 |a Sankcie v medzinárodnom obchode  |b bakalárska práca  |c Ivana Trenčanová ; školiteľ: Ľubica Zubaľová 
264 1 |a Bratislava  |c 2017 
300 |a 59 s. 
100 1 |a Trenčanová, Ivana 
700 1 |a Zubaľová, Ľubica, 1969- 
710 2 |a Obchodná fakulta EU. Katedra medzinárodného obchodu